Szczegóły MARC21

Istorìâ ukraïns'koï lìteraturi /

003 -Nazwa inst., której nr kontr. jest w polu 001 [,]
    • @
    • Nazwa instytucji, której n kontrolny jest w polu 001
    • NUKAT
005 -DATA I CZAS OSTATNIEJ MODYFIKACJI [,]
    • @
    • pole kontrolne
    • 20241231091419.0
020 -Międzynarod. znormalizowany nr książki - ISBN [ , ]
    • a
    • Numer ISBN
    • 9665801430 Find
040 -Instytucja sporządzająca opis [ , ]
    • a
    • Instytucja, która sporządziła opis (NP)
    • WA U/59EJ
    • c
    • Instytucja, która sporządziła rekord (NP)
    • WA U/EJ
    • d
    • Instytucja, która zmodyfikowała rekord (P)
    • WA U/EJ
    • d
    • Instytucja, która zmodyfikowała rekord (P)
    • LUBL U/EWis
942 -Rodzaj dokumentu [ , ]
    • c
    • Rodzaj dokumentu
    • Książka
100 -Hasło główne - nazwa osobowa [1, ]
    • a
    • Nazwa osobowa (NP)
    • Čiževs'kij, Dmitro Ìvanovič
    • d
    • Daty biograficzne (NP)
    • (1894-1977).
    • 9
    • KHW
    • 259138
245 -Strefa tytułu i oznaczenia odpowiedzialności [1,0]
    • a
    • Tytuł
    • Istorìâ ukraïns'koï lìteraturi / Find
    • c
    • Pozostałe elementy strefy tytułu i oznaczenia odpowiedzialności (NP)
    • D. Ì. Čiževs'kij.
260 -Strefa adresu wydawniczego [ , ]
    • a
    • Miejsce wydania (P)
    • Kiïv :
    • b
    • Nazwa wydawcy (P)
    • Akademìâ,
    • c
    • Data wydania (P)
    • 2003.
300 -Strefa opisu fizycznego [ , ]
    • a
    • Określenie formy książki i/lub objętość (NP)
    • 567, [1] s. ;
    • c
    • Format (NP)
    • 21 cm.
336 -Typ zawartości [ , ]
    • a
    • Termin opisujący typ zawartości
    • Tekst
    • b
    • Kod określający zawartość
    • txt
    • 2
    • Źródło (terminu i kodu)
    • rdacontent
337 -Typ mediów [ , ]
    • a
    • Tryb odtwarzania
    • Bez urządzenia pośredniczącego
    • b
    • Kod typu mediów
    • n
    • 2
    • Źródło (terminu i kodu)
    • rdamedia
338 -Typ/rodzaj nośnika [ , ]
    • a
    • Hasło opisujące typ nośnika
    • Wolumin
    • b
    • Kod typu nośnika
    • nc
    • 2
    • Źródło (terminu i kodu)
    • rdacarrier
490 -Strefa serii i książki wielotomowej - forma nie do wyszukiwania [1, ]
    • a
    • Tytuł (P)
    • Al'ma Mater Find
830 -Hasło dodatkowe serii i opisu książki wielotomowej - tytuł ujednolicony/tytuł [ ,0]
    • a
    • Tytuł ujednolicony/tytuł (NP)
    • Al'ma Mater
    • 9
    • KHW
    • 572507
504 -Uwaga dot. bibliogr. załącznikowej [ , ]
    • a
    • Uwaga dot. bibliografii załącznikowej
    • Bibliogr. s. 558-567.
080 -Uniwersalna Klasyfikacja Dziesiętna [ , ]
    • 2
    • Identyfikator wydania tablic
    • UDC-P058
    • a
    • Symbol klasyfikacji
    • 821.161.2
    • b
    • Dopowiedzenie
    • Literatura ukraińska.
    • x
    • Poddział wspólny
    • (091)
    • b
    • Dopowiedzenie
    • (Opracowania historyczne).
    • x
    • Poddział wspólny
    • "11/19"
    • b
    • Dopowiedzenie
    • Wiek XII/XX.
    • x
    • Poddział wspólny
    • =161.2
    • b
    • Dopowiedzenie
    • =Język ukraiński.
650 -Hasło przedmiotowe [ ,7]
    • a
    • Hasło przedmiotowe
    • Literatura ukraińska
    • x
    • Określnik rzeczowy
    • historia i krytyka
    • v
    • Określnik formalny
    • podręczniki akademickie.
    • 2
    • Źródło terminu
    • kaba
    • 9
    • KHW
    • 572719
980 -Symbol UKD [ , ]
    • a
    • UKD
    • 821.161.2(091)"11/19"=161.2
710 -Hasło dodatkowe - nazwa ciała zbiorowego [2, ]
    • a
    • Nazwa ciała zbiorowego lub nazwa geograficzna jako pierwszy element (NP)
    • Vidavničij Centr "Akademìâ" (Kijów).
    • 4
    • Kod relacji
    • pbl
    • 9
    • KHW
    • 572506
920 -ISBN [ , ]
    • a
    • ISBN
    • 966-580-143-0 Find
Lokalizacja Data inwentaryzacji Status udost. Numer inwentarzowy Sygnatura
BM2008-07-141P.21248UKR.Historia lit. ukraińskiej 02